[Event "Janske Lazne op"]
[Site "Janske Lazne"]
[Date "2013.05.12"]
[Round "8"]
[White "Kolar, Daniel"]
[Black "Kaisler, Martin"]
[Result "0-1"]
[WhiteElo "1897"]
[BlackElo "2080"]
[PlyCount "72"]
[EventDate "2013.05.07"]
[EventType "swiss"]
[EventRounds "8"]
[EventCountry "CZE"]
[SourceTitle "CBM 154 Extra"]
[Source "ChessBase"]
[SourceDate "2013.06.25"]
[SourceVersion "2"]
[SourceVersionDate "2013.06.25"]
[SourceQuality "1"]

1. e4 e6 2. d3 d5 3. Nd2 c5 4. Ngf3 Nc6 5. g3 Bd6 6. Bg2 d4 7. Nc4 Bc7 8. a4 Nge7 9. 0-0 0-0 10. e5 Ng6 11. Re1 Na5 12. Bg5 Qd7 13. Ncd2 Rb8 14. h4 f6 15. exf6 gxf6 16. Bh6 Rf7 17. h5 Ne7 18. Bh3 Qd5 19. Nh4 Kh8 20. Ne4 f5 21. Nd2 e5 22. f4 Bd7 23. Ndf3 Rg8 24. Kh2 e4 25. dxe4 fxe4 26. Bxd7 Qxd7 27. Rxe4 Nf5 28. Nxf5 Qxf5 29. Re5 Bxe5 30. Nxe5 Re7 31. g4 Qf6 32. Ng6+ Rxg6 33. hxg6 Qh4+ 34. Kg2 Re3 35. g7+ Kg8 36. Qh1 Re2+ 0-1

[Event "Janske Lazne op"]
[Site "Janske Lazne"]
[Date "2013.05.08"]
[Round "2"]
[White "Jedlicka, Ales"]
[Black "Kolar, Daniel"]
[Result "1-0"]
[WhiteElo "2238"]
[BlackElo "1897"]
[PlyCount "141"]
[EventDate "2013.05.07"]
[EventType "swiss"]
[EventRounds "8"]
[EventCountry "CZE"]
[SourceTitle "CBM 154 Extra"]
[Source "ChessBase"]
[SourceDate "2013.06.25"]
[SourceVersion "2"]
[SourceVersionDate "2013.06.25"]
[SourceQuality "1"]

1. d4 Nf6 2. c4 g6 3. Nc3 Bg7 4. e4 d6 5. Be2 0-0 6. Bg5 h6 7. Be3 e5 8. d5 Kh7 9. h4 Ng8 10. h5 f5 11. hxg6+ Kh8 12. exf5 Bxf5 13. g4 Bxg6 14. Nf3 Qe8 15. Qd2 Bh7 16. g5 a6 17. gxh6 Bf6 18. 0-0-0 b5 19. Rdg1 b4 20. Nb1 Rf7 21. Ng5 Bxg5 22. Rxg5 Qf8 23. Bd3 e4 24. Rxg8+ Kxg8 25. Rg1+ Kh8 26. Bd4+ Rf6 27. Qg5 Nd7 28. Bxf6+ Qxf6 29. Qg7+ Qxg7 30. hxg7+ Kg8 31. Bc2 Re8 32. Nd2 Nc5 33. Nb3 Nxb3+ 34. axb3 Re7 35. Kd1 Rxg7 36. Rxg7+ Kxg7 37. Ke2 Kf6 38. Ke3 Ke5 39. f4+ Kf6 40. Bxe4 Bg8 41. Kd4 Bf7 42. c5 a5 43. Kc4 dxc5 44. Kxc5 Be8 45. Bd3 Ke7 46. Bb5 Bh5 47. Ba4 Be2 48. Kc6 Kd8 49. f5 Bh5 50. f6 Bf7 51. Bb5 Kc8 52. Bc4 Be8+ 53. Kc5 Kd8 54. Bd3 Bf7 55. Bf5 Bh5 56. Be6 Be2 57. d6 cxd6+ 58. Kxd6 Bh5 59. f7 Bxf7 60. Bxf7 Kc8 61. Kc6 Kb8 62. Kb5 Kb7 63. Kxa5 Ka7 64. Kxb4 Kb6 65. Kc4 Kc6 66. b4 Kb6 67. Bd5 Ka6 68. Kc5 Ka7 69. b5 Kb8 70. Kb6 Kc8 71. Ka7 1-0

[Event "CZE-chT2B 1112"]
[Site "Czech Republic"]
[Date "2011.11.20"]
[Round "3.8"]
[White "Kolar, Daniel"]
[Black "Volak, Jan"]
[Result "1-0"]
[WhiteElo "1891"]
[BlackElo "1969"]
[PlyCount "55"]
[EventDate "2011.10.09"]
[EventType "team-tourn"]
[EventRounds "11"]
[EventCountry "CZE"]
[SourceTitle "EXT 2013"]
[Source "ChessBase"]
[SourceDate "2012.11.22"]
[SourceVersion "1"]
[SourceVersionDate "2012.11.22"]
[SourceQuality "1"]
[WhiteTeam "Usti nad Labem"]
[BlackTeam "Most Chess"]
[WhiteTeamCountry "CZE"]
[BlackTeamCountry "CZE"]

1. e4 c5 2. Nf3 Nc6 3. d4 cxd4 4. Nxd4 Nf6 5. Nc3 e5 6. Ndb5 d6 7. Bg5 a6 8. Na3 b5 9. Nd5 Be7 10. Bxf6 Bxf6 11. c3 Bg5 12. Nc2 0-0 13. h4 Bh6 14. g4 Bf4 15. Qf3 g5 16. hxg5 Qxg5 17. Rh5 Qg7 18. Nce3 Bxe3 19. Qxe3 f6 20. g5 Qg6 21. Rh6 Qxg5 22. Nxf6+ Qxf6 23. Rxf6 Rxf6 24. 0-0-0 Be6 25. Rxd6 Ne7 26. Bh3 Kf7 27. Bxe6+ Rxe6 28. Qf3+ 1-0

[Event "Teplice op 3rd"]
[Site "Teplice"]
[Date "2008.06.20"]
[Round "7"]
[White "Kolar, Daniel"]
[Black "Lasik, Petr"]
[Result "1/2-1/2"]
[WhiteElo "1800"]
[BlackElo "1697"]
[PlyCount "44"]
[EventDate "2008.06.14"]
[EventType "swiss"]
[EventRounds "9"]
[EventCountry "CZE"]
[SourceTitle "CBM 125 Extra"]
[Source "ChessBase"]
[SourceDate "2008.09.01"]
[SourceVersion "1"]
[SourceVersionDate "2008.09.01"]
[SourceQuality "1"]

1. e4 e5 2. Nf3 Nc6 3. Bb5 a6 4. Ba4 Nf6 5. d4 exd4 6. 0-0 Be7 7. Re1 0-0 8. e5 Ne8 9. Bxc6 dxc6 10. Nxd4 c5 11. Nf3 Bg4 12. Nc3 Qxd1 13. Rxd1 Rd8 14. Bf4 h6 15. Rxd8 Bxd8 16. Rd1 Be7 17. Rd2 c6 18. h3 Be6 19. a3 Nc7 20. Ne4 Nd5 21. Bg3 c4 22. c3 b5 1/2-1/2

[Event "Teplice op 3rd"]
[Site "Teplice"]
[Date "2008.06.15"]
[Round "2"]
[White "Ksieski, Zbigniew"]
[Black "Kolar, Daniel"]
[Result "1-0"]
[WhiteElo "2406"]
[BlackElo "1800"]
[PlyCount "53"]
[EventDate "2008.06.14"]
[EventType "swiss"]
[EventRounds "9"]
[EventCountry "CZE"]
[SourceTitle "CBM 125 Extra"]
[Source "ChessBase"]
[SourceDate "2008.09.01"]
[SourceVersion "1"]
[SourceVersionDate "2008.09.01"]
[SourceQuality "1"]

1. d4 Nf6 2. c4 g6 3. Nc3 d5 4. cxd5 Nxd5 5. e4 Nxc3 6. bxc3 Bg7 7. Be3 0-0 8. Rc1 c5 9. d5 Qa5 10. Qd2 Rd8 11. Nf3 Bg4 12. c4 Qb6 13. Ng5 Na6 14. h3 Bd7 15. Be2 Nb4 16. 0-0 Qc7 17. a3 Na6 18. f4 Be8 19. Rb1 b6 20. e5 e6 21. Qe1 Bd7 22. Qh4 h6 23. Ne4 Bc8 24. Nf6+ Bxf6 25. exf6 Kh7 26. f5 exf5 27. Qxh6+ 1-0

[Event "Teplice op 3rd"]
[Site "Teplice"]
[Date "2008.06.14"]
[Round "1"]
[White "Kolar, Daniel"]
[Black "Bartos, Jan"]
[Result "0-1"]
[WhiteElo "1800"]
[BlackElo "2192"]
[PlyCount "60"]
[EventDate "2008.06.14"]
[EventType "swiss"]
[EventRounds "9"]
[EventCountry "CZE"]
[SourceTitle "CBM 125 Extra"]
[Source "ChessBase"]
[SourceDate "2008.09.01"]
[SourceVersion "1"]
[SourceVersionDate "2008.09.01"]
[SourceQuality "1"]

1. e4 e5 2. Nf3 Nf6 3. Nc3 Nc6 4. Bb5 Bd6 5. d3 a6 6. Ba4 h6 7. Be3 b5 8. Bb3 Bb7 9. Qd2 Na5 10. Ne2 Nxb3 11. axb3 Ng4 12. Ng3 g6 13. h3 Nxe3 14. Qxe3 Qe7 15. d4 exd4 16. Qxd4 0-0-0 17. 0-0 Bc5 18. Qd3 h5 19. Rfe1 d6 20. c3 Qf6 21. b4 Bb6 22. b3 g5 23. Nh1 g4 24. Nd4 Qe5 25. Nc2 Rhe8 26. c4 Bxe4 27. Qd2 gxh3 28. g3 Qf5 29. Ne3 Qf3 30. Rxa6 Qxh1# 0-1

[Event "CZE-ch U14"]
[Site "Sec u Chrudimi"]
[Date "2005.10.23"]
[Round "2"]
[White "Klecker, Tadeas"]
[Black "Kolar, Daniel"]
[Result "1-0"]
[WhiteElo "1899"]
[BlackElo "1624"]
[PlyCount "61"]
[EventDate "2005.10.22"]
[EventType "swiss"]
[EventRounds "9"]
[EventCountry "CZE"]
[SourceTitle "EXT 2008"]
[Source "ChessBase"]
[SourceDate "2007.11.25"]
[SourceVersion "1"]
[SourceVersionDate "2007.11.25"]
[SourceQuality "1"]

1. d4 Nf6 2. Nf3 g6 3. Nc3 Bg7 4. e4 d6 5. Be3 0-0 6. Be2 Nbd7 7. h3 e5 8. dxe5 Nxe5 9. Nxe5 dxe5 10. Bc5 Qxd1+ 11. Rxd1 Re8 12. Nb5 Bd7 13. Nxc7 Rec8 14. Bd6 Rab8 15. Bxe5 Bc6 16. Nd5 Bxd5 17. exd5 Ra8 18. c4 Re8 19. f4 Ne4 20. 0-0 Bxe5 21. fxe5 Rxe5 22. Bf3 Nc5 23. b4 Nd7 24. d6 Rb8 25. Bd5 Rf5 26. Rxf5 gxf5 27. c5 Nf6 28. Bxb7 Rxb7 29. c6 Rxb4 30. c7 Rb8 31. c8Q+ 1-0

[Event "Klatovy op-A"]
[Site "Klatovy"]
[Date "2001.??.??"]
[Round "?"]
[White "Kolar, Daniel"]
[Black "Koubkova, Alena"]
[Result "0-1"]
[WhiteElo "1885"]
[BlackElo "1975"]
[PlyCount "108"]
[EventDate "2001.07.??"]
[EventType "swiss"]
[EventRounds "9"]
[EventCountry "CZE"]
[SourceTitle "EXT 2006"]
[Source "ChessBase"]
[SourceDate "2005.11.24"]
[SourceVersion "1"]
[SourceVersionDate "2005.11.24"]
[SourceQuality "1"]

1. e4 d5 2. exd5 Nf6 3. Nc3 Nxd5 4. Nge2 e5 5. Nxd5 Qxd5 6. Nc3 Qd8 7. Bc4 Nc6 8. d3 Bb4 9. Bd2 0-0 10. a3 Ba5 11. 0-0 Kh8 12. b4 Bb6 13. Nd5 f5 14. a4 a6 15. Nxb6 cxb6 16. c3 f4 17. f3 Bf5 18. Qe2 Qd6 19. Rfd1 Rad8 20. Be1 Rf6 21. Bh4 Rg6 22. Bf7 Bxd3 23. Qe1 Rf8 24. Bxg6 Qxg6 25. Rd2 e4 26. fxe4 Bxe4 27. Qf2 Ne5 28. Rd8 Rxd8 29. Bxd8 f3 30. Qg3 Qxg3 31. hxg3 fxg2 32. Kf2 h5 33. Bxb6 Kh7 34. Bd4 Ng4+ 35. Ke2 g5 36. Bf2 Kg6 37. Rd1 Ne5 38. Ke3 Bc6 39. Rg1 Kf5 40. a5 Ng4+ 41. Ke2 Ne5 42. Ke3 Kg4 43. Rd1 Nf3 44. c4 h4 45. gxh4 gxh4 46. Rd8 h3 47. Rg8+ Kf5 48. Rxg2 hxg2 49. b5 Be4 50. bxa6 bxa6 51. c5 g1Q 52. Bxg1 Nxg1 53. Kd4 Nf3+ 54. Kc4 Ne5+ 0-1